Statistics for Cities Larger than all Cities in Neighbouring Countries

Click here to take the quiz!

General Stats

  • This quiz has been taken 176 times
  • The average score is 36 of 48

Answer Stats

Country % Correct
Mexico
97%
São Paulo
96%
London
93%
Shanghai
93%
China
92%
Brazil
92%
Mexico City
92%
Cairo
92%
Guangzhou
91%
Egypt
89%
United Kingdom
89%
Jakarta
88%
Indonesia
87%
Istanbul
86%
Johannesburg
86%
Lagos
85%
South Africa
85%
Kinshasa
83%
Nigeria
83%
Cape Town
83%
Turkey
82%
Seoul
81%
DR Congo
80%
South Korea
77%
Bangkok
70%
Stockholm
67%
Thailand
67%
Durban
65%
Sweden
65%
Dominican Republic
64%
Santo Domingo
63%
Busan
61%
Abuja
58%
Kano
48%
Dakar
45%
Senegal
43%
Costa Rica
39%
San José
39%
Ibadan
33%
Abidjan
31%
Côte d'Ivoire
31%

Score Distribution

Percentile by Number Answered

Percent of People with Each Score

Your Score History

You have not taken this quiz